Statystyki dla Największe państwa muzułmańskie w Historii

Kliknij tutaj aby rozwiązać quiz!

Ogólne statystyki

  • Ten quiz został rozwiązany 325 razy
  • Średni wynik to 5 z 10

Statystyki odpowiedzi

WyznanieStolicaPowierzchniaKalifat% Poprawnych
4SunnizmKonstantynopol5,2 (mln km2)Imperium Osmańskie
90%
5SzyizmKair5,1 (mln km2)Kalifat Fatymidów
77%
2SunnizmBagdad11,1 (mln km2)Kalifat Abbasydów
68%
1SunnizmBagdad13,0 (mln km2)Kalifat Umajjadów
68%
8SzyizmIsfahan4,0 (mln km2)Imperium Afszarydów
51%
10SzyizmTebriz3,5 (mln km2)Imperium Safawidów
51%
9SunnizmNiszapur3,9 (mln km2)Imperium Seldżuków
50%
3SunnizmSaraj6,0 (mln km2)Złota Orda
14%
6SunnizmSamarakanda4,6 (mln km2)Imperium Timurydów
13%
7SunnizmAgra4,6 (mln km2)Imperium Mogołow
9%

Rozkład punktacji

Percentyl według liczby udzielonych odpowiedzi

Procent ludzi z każdym wynikiem

Twoja historia wyników

Nie rozwiązałeś tego quizu